000 01026nas a2200337 4500
001 BR0704820
003 BR-BrBNA
005 20231205110939.0
007 ta
008 230509b bl.|||p| |||| 00| 00por d
040 _aBR-BrBNA
_bpor
_cBiblioteca Nacional de Agricultura
041 _a(Pt)
072 _aQ03
100 1 _aSousa, J.G. de
100 1 _aCosta, F.N.
100 1 _aAlves, L.M.C.
100 1 _aMachado, P.P.
100 1 _aLeite, P.R. de S. da C.
245 1 _aPesquisa de estafilococos coagulase positiva em manipuladores de uma unidade de alimentação, na cidade de Sao Luís, MA
650 _aALIMENTO
650 _aHIGIENE DE ALIMENTO
650 _aESTAFILOCOCO
650 _aBACTÉRIA
650 _aINSPEÇÃO SANITÁRIA
650 _aTREINAMENTO
650 _aANÁLISE MICROBIOLÓGICA
650 _aMARANHÃO
773 0 _tHigiene Alimentar (Brazil)
_xISSN 0101-9171
_g(Jun 2007), v. 21(152) p. 69-75
_wBR0704820
909 _a202311
_bLúcia
_c55
_dLúcia Elande
942 _2AGRIS
_n0
_cANA
999 _c189892
_d189892